000 00435nam a2200181Ia 4500
005 20240823050149.0
008 240823s9999||||xx |||||||||||||| ||und||
041 _aENGLISH
082 _A658.1 L8
100 _aRobert.C.Appleby
245 0 _aModern Business Administration
250 _a1st
260 _c1978
_b"Arnold,New Delhi"
500 _aYES
650 _aManagement
_bManagement Studies
942 _cBK
999 _c216621
_d216621